|
|
|
|
| LEADER |
00000cam a22000004a 4500 |
| 001 |
musev2_66909 |
| 003 |
MdBmJHUP |
| 005 |
20230905050904.0 |
| 006 |
m o d |
| 007 |
cr||||||||nn|n |
| 008 |
090311s2009 txu o 00 0 eng d |
| 020 |
|
|
|a 9781603443722
|
| 020 |
|
|
|z 9781623495480
|
| 020 |
|
|
|z 160344372X
|
| 035 |
|
|
|a (OCoLC)1132664542
|
| 040 |
|
|
|a MdBmJHUP
|c MdBmJHUP
|
| 100 |
1 |
|
|a Wiener, Jan,
|d 1948-
|
| 245 |
1 |
4 |
|a The Therapeutic Relationship :
|b Transference, Countertransference, and the Making of Meaning /
|c Jan Wiener ; foreword by David H. Rosen.
|
| 264 |
|
1 |
|a College Station :
|b Texas A & M University Press,
|c 2009.
|
| 264 |
|
3 |
|a Baltimore, Md. :
|b Project MUSE,
|c 2020
|
| 264 |
|
4 |
|c ©2009.
|
| 300 |
|
|
|a 1 online resource (168 pages):
|b illustrations
|
| 336 |
|
|
|a text
|b txt
|2 rdacontent
|
| 337 |
|
|
|a computer
|b c
|2 rdamedia
|
| 338 |
|
|
|a online resource
|b cr
|2 rdacarrier
|
| 490 |
0 |
|
|a Fay lecture series in analytical psychology
|
| 490 |
0 |
|
|a Carolyn and Ernest Fay series in analytical psychology ;
|v no. 14
|
| 505 |
0 |
|
|a Introduction -- Jung's ambivalence about transference: the legacy for analytical psychologists -- Working "in" and working "with" the transference: embracing diverse approaches -- Countertransference and imagination -- The transference matrix -- Transference for life: keeping the patient in mind -- Afterword.
|
| 588 |
|
|
|a Description based on print version record.
|
| 650 |
|
7 |
|a Transference (Psychology)
|2 fast
|0 (OCoLC)fst01154644
|
| 650 |
|
7 |
|a Psychotherapist and patient.
|2 fast
|0 (OCoLC)fst01081724
|
| 650 |
|
7 |
|a Jungian psychology.
|2 fast
|0 (OCoLC)fst00984858
|
| 650 |
|
7 |
|a Countertransference (Psychology)
|2 fast
|0 (OCoLC)fst00881347
|
| 650 |
|
7 |
|a PSYCHOLOGY
|x Movements
|x Psychoanalysis.
|2 bisacsh
|
| 650 |
|
6 |
|a Psychologie analytique.
|
| 650 |
|
6 |
|a Relations psychotherapeutiques.
|
| 650 |
|
0 |
|a Jungian psychology.
|
| 650 |
|
0 |
|a Psychotherapist and patient.
|
| 650 |
|
0 |
|a Countertransference (Psychology)
|
| 650 |
|
0 |
|a Transference (Psychology)
|
| 655 |
|
7 |
|a Electronic books.
|2 local
|
| 710 |
2 |
|
|a Project Muse.
|e distributor
|
| 830 |
|
0 |
|a Book collections on Project MUSE.
|
| 856 |
4 |
0 |
|z Texto completo
|u https://projectmuse.uam.elogim.com/book/66909/
|
| 945 |
|
|
|a Project MUSE - Custom Collection
|
| 945 |
|
|
|a Project MUSE - Archive Complete Supplement VIII
|
| 945 |
|
|
|a Project MUSE - Archive Psychology Supplement V
|